ถ้าอยากเป็นผู้แทน [3rd] (ระเบียนเลขที่ 6713)
| 000 -LEADER | |
|---|---|
| fixed length control field | 00898nam a22002057a 4500 |
| 005 - DATE AND TIME OF LATEST TRANSACTION | |
| control field | 20251125232809.0 |
| 008 - FIXED-LENGTH DATA ELEMENTS--GENERAL INFORMATION | |
| fixed length control field | s2534 th tha d |
| 040 ## - CATALOGING SOURCE | |
| Original cataloging agency | NALT |
| 041 ## - LANGUAGE CODE | |
| Language code of text/sound track or separate title | tha |
| 050 ## - LIBRARY OF CONGRESS CALL NUMBER | |
| Classification number | JQ1749.A79 ศ856ถ 2534 |
| 100 0# - MAIN ENTRY--PERSONAL NAME | |
| Personal name | เศรษฐพร คูศรีพิทักษ์ |
| 245 10 - TITLE STATEMENT | |
| Title | ถ้าอยากเป็นผู้แทน [3rd] |
| 260 3# - PUBLICATION, DISTRIBUTION, ETC. | |
| Place of publication, distribution, etc. | กรุงเทพฯ : |
| Name of publisher, distributor, etc. | สถาบันนโยบายการศึกษา สมาคมสังคมศาสตร์แห่งประเทศไทย, |
| Date of publication, distribution, etc. | 2534 |
| 300 ## - PHYSICAL DESCRIPTION | |
| Extent | 166 หน้า ; |
| Other physical details | 20 ซม. |
| 650 04 - SUBJECT ADDED ENTRY--TOPICAL TERM | |
| Topical term or geographic name entry element | การหาเสียงเลือกตั้ง |
| 850 ## - HOLDING INSTITUTION | |
| Holding institution | NALT |
| 856 40 - ELECTRONIC LOCATION AND ACCESS | |
| Uniform Resource Identifier | <a href="https://hdl.handle.net/20.500.14156/336536">https://hdl.handle.net/20.500.14156/336536</a> |
| -- | 1 |
| 942 ## - ADDED ENTRY ELEMENTS (KOHA) | |
| Koha item type | General Book |
| Source of classification or shelving scheme | Library of Congress Classification |
| Koha issues (borrowed), all copies | 1 |
| 998 ## - LOCAL CONTROL INFORMATION (RLIN) | |
| -- | 111 |
| -- | นางสาวพจพิณ พรมเอี่ยม |
| Withdrawn status | Lost status | Damaged status | Not for loan | Collection code | Home library | Current library | Shelving location | Total Checkouts | Full call number | Barcode | Date last seen | Copy number | Price effective from | Koha item type | Source of classification or shelving scheme | Date acquired | Date last checked out |
|---|---|---|---|---|---|---|---|---|---|---|---|---|---|---|---|---|---|
| Not for Loan | General Book collection | National Assembly Library of Thailand | National Assembly Library of Thailand | Parliament Building 2 | JQ 1749.A79 ศ856ถ 2534 | 3961144567 | 09/06/2017 | ฉ. 3 | 09/06/2017 | General Book | |||||||
| General Book collection | National Assembly Library of Thailand | National Assembly Library of Thailand | General Book shelves | 1 | JQ 1749.A79 ศ856ถ 2534 | 3961112059 | 21/09/2022 | ฉ. 1 | 09/06/2017 | General Book | Library of Congress Classification | 14/09/2022 | 14/09/2022 |
